<?xml version="1.0" encoding="UTF-8"?>
<collection xmlns="http://www.loc.gov/MARC21/slim">
 <record>
  <leader>01444nam a22002297a 4500</leader>
  <controlfield tag="001">NCT_45537</controlfield>
  <controlfield tag="008">180707b        xxu||||| |||| 00| 0 vie d</controlfield>
  <datafield tag="999" ind1=" " ind2=" ">
   <subfield code="c">2177</subfield>
   <subfield code="d">2177</subfield>
  </datafield>
  <datafield tag="020" ind1=" " ind2=" ">
   <subfield code="c">86000</subfield>
  </datafield>
  <datafield tag="082" ind1="0" ind2="4">
   <subfield code="2">23rd ed.</subfield>
   <subfield code="a">006.68</subfield>
   <subfield code="b">S312</subfield>
  </datafield>
  <datafield tag="100" ind1="1" ind2=" ">
   <subfield code="a">Nguyễn Trường Sinh</subfield>
   <subfield code="e">Chủ biên</subfield>
  </datafield>
  <datafield tag="245" ind1="1" ind2="0">
   <subfield code="a">Thiết kế flash với các thành phần dựng sẵn</subfield>
   <subfield code="c">Nguyễn Trường Sinh (chủ biên); Lê Minh Hoàng; Hoàng Đức Hải</subfield>
  </datafield>
  <datafield tag="260" ind1=" " ind2=" ">
   <subfield code="a">H.</subfield>
   <subfield code="b">Thống kê</subfield>
   <subfield code="c">2004</subfield>
  </datafield>
  <datafield tag="300" ind1=" " ind2=" ">
   <subfield code="a">441 tr.</subfield>
   <subfield code="c">24cm</subfield>
   <subfield code="b">Minh họa</subfield>
  </datafield>
  <datafield tag="520" ind1="3" ind2=" ">
   <subfield code="a">Cuốn sách Thiết kế Flash với các thành phần dựng sẵn này rất phù hợp cho những ai muốn tìm hiểu sức mạnh của thành phần nói chung và các thành phần đã được dựng sẵn, để ứng dụng chúng vào trong các dự án Flash của mình nhằm tăng hiệu quả công việc.</subfield>
  </datafield>
  <datafield tag="653" ind1=" " ind2=" ">
   <subfield code="a">Công nghệ thông tin</subfield>
  </datafield>
  <datafield tag="700" ind1="1" ind2=" ">
   <subfield code="a">Lê Minh Hoàng</subfield>
  </datafield>
  <datafield tag="700" ind1="1" ind2=" ">
   <subfield code="a">Hoàng Đức Hải</subfield>
  </datafield>
  <datafield tag="942" ind1=" " ind2=" ">
   <subfield code="2">ddc</subfield>
   <subfield code="c">BK</subfield>
  </datafield>
  <datafield tag="952" ind1=" " ind2=" ">
   <subfield code="0">0</subfield>
   <subfield code="1">0</subfield>
   <subfield code="2">ddc</subfield>
   <subfield code="4">0</subfield>
   <subfield code="6">006_680000000000000_S312</subfield>
   <subfield code="7">0</subfield>
   <subfield code="9">12492</subfield>
   <subfield code="a">000001</subfield>
   <subfield code="b">000001</subfield>
   <subfield code="d">2018-07-07</subfield>
   <subfield code="o">006.68 S312</subfield>
   <subfield code="p">MD.02266</subfield>
   <subfield code="r">2018-07-07</subfield>
   <subfield code="v">86000.00</subfield>
   <subfield code="w">2018-07-07</subfield>
   <subfield code="y">BK</subfield>
  </datafield>
  <datafield tag="952" ind1=" " ind2=" ">
   <subfield code="0">0</subfield>
   <subfield code="1">0</subfield>
   <subfield code="2">ddc</subfield>
   <subfield code="4">0</subfield>
   <subfield code="6">006_680000000000000_S312</subfield>
   <subfield code="7">0</subfield>
   <subfield code="9">12493</subfield>
   <subfield code="a">000001</subfield>
   <subfield code="b">000001</subfield>
   <subfield code="d">2018-07-07</subfield>
   <subfield code="o">006.68 S312</subfield>
   <subfield code="p">MD.02267</subfield>
   <subfield code="r">2018-07-07</subfield>
   <subfield code="v">86000.00</subfield>
   <subfield code="w">2018-07-07</subfield>
   <subfield code="y">BK</subfield>
  </datafield>
  <datafield tag="980" ind1=" " ind2=" ">
   <subfield code="a">Thư viện Trường Đại học Nam Cần Thơ</subfield>
  </datafield>
 </record>
</collection>
